00890cam a2200241 a 4500001000500000005001700005008004100022020001700063040002300080050002300103082001400126100001700140245003900157260003900196300004000235505000800275520026300283521002000546521002000566650001900586650002000605650002300625117420230821150028.0880817s1988 nyu j 000 1 eng  a0399217126 : aDLCcDLCdDLCbeng00aPZ7.S6318bBr 198800a[Fic]2191 aSlepian, Jan14aThe Broccoli tapes /cJan Slepian. aNew York :bPhilomel Books,c1988. a157 pages ;c20 cmbIllustrations ; aO  aDuring a stay of several months in Hawaii with her family, Sara reports her experiences by tape back to her sixthgrade class in Boston, detailing her "adoption" of a wild cat, a friendship with a troubled Hawaiian boy, and the death of a beloved grandmother. a630 bLexile  aO bRaz-plus  1aCatsxFiction. 1aDeathxFiction. 1aSiblingsxFiction.